| 000 | 01077nas0a22003131 4500 | ||
|---|---|---|---|
| 001 | RU\NLR\DRGNLR\4401 | ||
| 005 | 20080514183527.0 | ||
| 035 | _a(NLR Aleph) 010312973 | ||
| 090 |
_a10643656 _c10643656 |
||
| 100 | _a20080514b1910 u y0rusy50 ca | ||
| 101 | 0 | _arus | |
| 102 | _aRU | ||
| 110 | _acya|||||||| | ||
| 200 | 1 |
_aСибирский коммерсант _eТорг.-пром. и полит.-экон. газ. _fРед. Д.Е.Контеев |
|
| 210 |
_aНовониколаевск _d1910, 1 янв - 1 окт _cН.М.Пономарев |
||
| 540 | 1 | _aСибирский коммерсант | |
| 702 | 1 |
_aКонтеев _bД. Е. _gДий Ефимович _4340 |
|
| 702 | 1 |
_aПономарев _bНик. Мих. _4650 |
|
| 801 | 0 |
_aRU _bNLR _c20080514 _gPSBO _2gzdor_isis |
|
| 801 | 2 |
_aRU _bNLR _c20080514 _gPSBO _2rusmarc |
|
| 852 |
_aNLR _j1-Р/2-226 |
||
| 942 | _cNEWSPAPER | ||
| 980 | _aNB | ||
| 980 | _aDRG | ||